<?xml version="1.0" encoding="UTF-8"?>
<record
    xmlns:xsi="http://www.w3.org/2001/XMLSchema-instance"
    xsi:schemaLocation="http://www.loc.gov/MARC21/slim http://www.loc.gov/standards/marcxml/schema/MARC21slim.xsd"
    xmlns="http://www.loc.gov/MARC21/slim">

  <leader>02056    a2200205   4500</leader>
  <controlfield tag="001">29615</controlfield>
  <controlfield tag="005">20260407155606.0</controlfield>
  <controlfield tag="008">260407a1972    arg                 spa d</controlfield>
  <controlfield tag="003">AR-UNSa-BCEJYS</controlfield>
  <datafield tag="040" ind1=" " ind2=" ">
    <subfield code="a">AR-UNSa-BCEJYS</subfield>
    <subfield code="b">spa</subfield>
    <subfield code="c">AR-UNSa-BCEJYS</subfield>
  </datafield>
  <datafield tag="080" ind1=" " ind2=" ">
    <subfield code="a">657.312</subfield>
    <subfield code="x">Tipo de presupuestos</subfield>
  </datafield>
  <datafield tag="245" ind1="1" ind2="0">
    <subfield code="a">Presupuestos , planificaci&#xF3;n y control de las utilidades</subfield>
  </datafield>
  <datafield tag="264" ind1=" " ind2="1">
    <subfield code="a">M&#xE9;xico :</subfield>
    <subfield code="b">Uni&#xF3;n Tipogr&#xE1;fica Editorial Hispano-Americana (UTEHA)</subfield>
    <subfield code="c">1972</subfield>
  </datafield>
  <datafield tag="300" ind1=" " ind2=" ">
    <subfield code="a">696 p.</subfield>
    <subfield code="c">24 cm.</subfield>
  </datafield>
  <datafield tag="505" ind1=" " ind2=" ">
    <subfield code="a">1. La planificaci&#xF3;n y el control de las utilidades y el proceso de direcci&#xF3;n - 2. Los principios fundamentales de la planificaci&#xF3;n y el control de las utilidades - 3. Bosquejo de la planificaci&#xF3;n y el control completos de las utilidades - 4. Ilustraci&#xF3;n de la planificaci&#xF3;n y el control completos de las utilidades - 5. Planificacion y control de ventas - 6. Planificaci&#xF3;n de la producci&#xF3;n: Necesidades de inventarios de productos terminados y productos en proceso de fabricaci&#xF3;n - 7. Planificaci&#xF3;n y control del uso y las compras de materiales - 8. Planificaci&#xF3;n y control de los costos de mano de obra directa - 9. Planificaci&#xF3;n de los gastos. Carga fabril, gastos de distribuci&#xF3;n y de sistribuci&#xF3;n - 10. Desarrollo y aplicaci&#xF3;n de los presupuestos variables de gastos - 11. Planificaci&#xF3;n y control de las erogaciones capitalizables - 12. Planificaci&#xF3;n y control de efectivo - 13. Terminaci&#xF3;n y aplicaci&#xF3;n del plan de utilidades - 14. T&#xE9;cnicas del an&#xE1;lisis de costos, vol&#xFA;menes y utilidades y su aplicaci&#xF3;n en la direcci&#xF3;n empresarial (an&#xE1;lisis del punto de equilibrio) - 15. Informes de resultados para el control de la direcci&#xF3;n - 16. An&#xE1;lisis de las variaciones con respecto al presupuesto - 17. La planificaci&#xF3;n y el control de las utilidades y su relaci&#xF3;n con el sistema de contabilidad - 18. Planificaci&#xF3;n y control presupuestarios para empresas no fabriles - 19. Panorama general </subfield>
  </datafield>
  <datafield tag="942" ind1=" " ind2=" ">
    <subfield code="c">BK</subfield>
  </datafield>
  <datafield tag="590" ind1=" " ind2=" ">
    <subfield code="a">niveau_biblio:m niveau_hierar:0</subfield>
  </datafield>
  <datafield tag="100" ind1="1" ind2=" ">
    <subfield code="a">Fern&#xE1;ndez Cepero, Manuel de J.</subfield>
  </datafield>
  <datafield tag="700" ind1="1" ind2=" ">
    <subfield code="a">Welsch, Glenn A.</subfield>
  </datafield>
  <datafield tag="999" ind1=" " ind2=" ">
    <subfield code="c">1909</subfield>
    <subfield code="d">1909</subfield>
  </datafield>
  <datafield tag="952" ind1=" " ind2=" ">
    <subfield code="0">0</subfield>
    <subfield code="1">0</subfield>
    <subfield code="4">0</subfield>
    <subfield code="7">0</subfield>
    <subfield code="a">BCEJYS</subfield>
    <subfield code="b">BCEJYS</subfield>
    <subfield code="c">16</subfield>
    <subfield code="d">2026-04-07</subfield>
    <subfield code="l">0</subfield>
    <subfield code="o">657.312 W458</subfield>
    <subfield code="p">L25920</subfield>
    <subfield code="r">2026-04-07 15:56:06</subfield>
    <subfield code="w">2026-04-07</subfield>
    <subfield code="y">L</subfield>
  </datafield>
  <datafield tag="952" ind1=" " ind2=" ">
    <subfield code="0">0</subfield>
    <subfield code="1">0</subfield>
    <subfield code="4">0</subfield>
    <subfield code="7">0</subfield>
    <subfield code="a">BCEJYS</subfield>
    <subfield code="b">BCEJYS</subfield>
    <subfield code="c">16</subfield>
    <subfield code="d">2026-04-07</subfield>
    <subfield code="l">0</subfield>
    <subfield code="o">657.312 W458</subfield>
    <subfield code="p">L25921</subfield>
    <subfield code="r">2026-04-07 15:56:06</subfield>
    <subfield code="w">2026-04-07</subfield>
    <subfield code="y">L</subfield>
  </datafield>
</record>
